| 000 | 00781cam a2200205 a 4500 | ||
|---|---|---|---|
| 020 | _a0309038553 (pbk.) : | ||
| 082 | 0 | 0 |
_a629.287233 _bDRA |
| 100 | 1 |
_aDrake, Richard W. _944564 |
|
| 245 | 1 | 0 |
_aPublic transit bus maintenance manpower planning / _cRichard W. Drake and Douglas W. Carter. |
| 260 |
_aWashington, D.C. : _bTransportation Research Board, National Research Council, _c[1984] |
||
| 300 |
_a56 p. : _bill. ; _c28 cm. |
||
| 490 | 1 | _aReport / National Cooperative Transit Research & Development Program, | |
| 500 | _a"December 1984." | ||
| 526 |
_a0 _b0 _c0 _d629_287233000000000_DRA |
||
| 650 | 0 |
_aBuses _xMaintenance and repair _xPlanning. _944565 |
|
| 650 | 0 |
_aManpower planning. _912422 |
|
| 650 | 0 |
_aMCE _9379 |
|
| 700 | 1 |
_aCarter, Douglas W. _944566 |
|
| 942 |
_2ddc _cBK |
||
| 999 |
_c548326 _d548326 |
||